000 00660nam#a22002415a#4500
001 998
008 100301s1995####ag#####e######001#pdspa#d
245 1 0 _aAntología /
_cMunicipalidad de Casilda. Secretaría de Cultura.
250 _a1ª ed.
260 _aCasilda :
_bEditorial Municipal de Casilda,
_c1995.
300 _a149 p. ;
_c21 cm.
110 2 _aCasilda.
_bMunicipalidad de Casilda
_bSecretaría de Cultura.
080 _a82-82
084 _aA59
653 _aAntologías
653 _aAntología casildense
653 _aCuentos
653 _aPoesías
040 _aAR-ClEAG
_cAR-ClEAG
005 20241107184654.0
003 AR-ClEAG
942 _cBK
999 _c998
_d998
980 _62
_aEvangelina Gallicchio
_82
_gEvangelina Gallicchio